000 00590nam a22001937a 4500
005 20230320094949.0
040 _curs
050 _aTK 5105.8885 M53 W45 1999
100 _94242
_aWeisskopt, Gene
_eauthor
245 _aMicrosoft frontpage 2000
_bno experience required
_cGene Weisskopf
260 _aNew Delhi, India
_bBPB Publications
_c1999
336 _2rdacontent
_atext
_btxt
337 _2rdamedia
_aunmediated
_bn
338 _2rdacarrier
_avolume
_bnc
650 0 _94243
_aMicrosoft FrontPage
650 0 _9949
_aWeb sites
_xDesign.
650 0 _94185
_aWeb publishing
942 _2lcc
_cFR
999 _c68912
_d68912